| 000 | 02392nam a22003737a 4500 | ||
|---|---|---|---|
| 001 | 103606 | ||
| 003 | KnowledgeUnlatched | ||
| 005 | 20210303105038.0 | ||
| 006 | m o d | ||
| 007 | cr u|||||||||| | ||
| 008 | 210129p20182019gw o u00| u ger d | ||
| 037 | _5BiblioBoard | ||
| 245 | 0 | 0 |
_aSoldgeschäfte, Klientelismus, Korruption in der Frühen Neuzeit _bZum Soldunternehmertum der Familie Zurlauben im schweizerischen und europäischen Kontext / _cAndré Holenstein, Kaspar von Greyerz, Andreas Würgler. |
| 020 | _a9783737008594 | ||
| 029 | 1 | _ahttps://library.biblioboard.com/ext/api/media/ff611617-dcdb-4776-989f-69b10479acb1/assets/thumbnail.jpg | |
| 040 |
_aScCtBLL _cScCtBLL |
||
| 506 | 0 |
_aAccess copy available to the general public. _fUnrestricted _2star |
|
| 700 | 1 |
_aHolenstein, André _eeditor. |
|
| 700 | 1 |
_avon Greyerz, Kaspar _eeditor. |
|
| 700 | 1 |
_aWürgler, Andreas _eeditor. |
|
| 264 | 1 | _bVandenhoeck & Ruprecht, | |
| 300 | _a1 online resource (297 p.) | ||
| 520 | _a"Soldgeschäfte waren eine grundlegende Komponente schweizerischer und europäischer Geschichte der Frühen Neuzeit. Sie förderten einerseits den Klientelismus und provozierten andererseits Korruptionskritik. Die Autoren und Autorinnen untersuchen vor diesem Hintergrund die wirtschaftlichen und politischen Aktivitäten der 1799 ausgestorbenen Zuger Familie Zurlauben. Gleichzeitig veranschaulichen einzelne Beiträge zu Klientelismus, Patronage und Korruptionskritik und zu den länderübergreifenden Gewaltmärkten des 17. und 18. Jahrhunderts die europäischen Aspekte der Thematik in ihren unterschiedlichen ökonomischen, politischen und sozialen Dimensionen. Der vorliegende Band erscheint im Zusammenhang mit dem Abschluss der Edition der Acta Helvetica der Familie Zurlauben." | ||
| 588 | 0 | _aDescription based on print version record. | |
| 590 | _aKU Open Services | ||
| 650 | 7 |
_aHistory / Modern _2bisacsh |
|
| 650 | 0 | _aHistory | |
| 655 | 0 | _aElectronic books. | |
| 758 |
_iIs found in: _aKnowledge Unlatched _1https://openresearchlibrary.org/module/2774bc74-146a-484f-a7ba-ab1d6a09bbfb |
||
| 856 | 4 | 0 |
_uhttps://openresearchlibrary.org/content/ff611617-dcdb-4776-989f-69b10479acb1 _zView this content on Open Research Library. _70 |
| 999 |
_c33383 _d33383 |
||